<?xml version="1.0" encoding="UTF-8"?>
<record
    xmlns:xsi="http://www.w3.org/2001/XMLSchema-instance"
    xsi:schemaLocation="http://www.loc.gov/MARC21/slim http://www.loc.gov/standards/marcxml/schema/MARC21slim.xsd"
    xmlns="http://www.loc.gov/MARC21/slim">

  <leader>00978nam a2200181 a 4500</leader>
  <controlfield tag="001">000046131</controlfield>
  <controlfield tag="005">20201002052646.0</controlfield>
  <controlfield tag="008">110425s1995    dr            000 0 spa d</controlfield>
  <datafield tag="040" ind1=" " ind2=" ">
    <subfield code="a">DO-SdBNP</subfield>
    <subfield code="b">spa</subfield>
    <subfield code="c">BNPHU</subfield>
  </datafield>
  <datafield tag="082" ind1=" " ind2=" ">
    <subfield code="a">xxxx</subfield>
    <subfield code="b">M692</subfield>
  </datafield>
  <datafield tag="100" ind1="1" ind2=" ">
    <subfield code="a">Brady, Daniele</subfield>
    <subfield code="9">74188</subfield>
  </datafield>
  <datafield tag="245" ind1="1" ind2="0">
    <subfield code="a">M&#xF3;dulo de capacitaci&#xF3;n en g&#xE9;nero /. /</subfield>
    <subfield code="c">Daniele Brady.</subfield>
  </datafield>
  <datafield tag="260" ind1=" " ind2=" ">
    <subfield code="a">Santo Domingo :</subfield>
    <subfield code="b">Publicaci&#xF3;n CIFD :</subfield>
    <subfield code="b">UNICEF,</subfield>
    <subfield code="c">1995.</subfield>
  </datafield>
  <datafield tag="300" ind1=" " ind2=" ">
    <subfield code="a">v. ;</subfield>
    <subfield code="c">26 cm.</subfield>
  </datafield>
  <datafield tag="500" ind1=" " ind2=" ">
    <subfield code="a">Incluye datos biogr&#xE1;ficos del autor en la contracubierta</subfield>
  </datafield>
  <datafield tag="505" ind1="0" ind2=" ">
    <subfield code="g">M&#xF3;dulo 1</subfield>
    <subfield code="t">De "mujer y desarrollo" "a mujer y g&#xE9;nero" /</subfield>
    <subfield code="r">Dani&#xE8;le Brady --</subfield>
    <subfield code="g">M&#xF3;dulo 2</subfield>
    <subfield code="t">"La discriminaci&#xF3;n sexual como construcci&#xF3;n social" /</subfield>
    <subfield code="r">Eveline Pressoir --</subfield>
    <subfield code="g">M&#xF3;dulo 3</subfield>
    <subfield code="t">Trabajar no para las mujeres si no con ellas /</subfield>
    <subfield code="r">Luisa Sherezada Vicioso Chiqui (Chiqui) --</subfield>
    <subfield code="g">M&#xF3;dulo 4</subfield>
    <subfield code="t">"la mujeres en contra de ellas mismas" /</subfield>
    <subfield code="r">Eveline Pressoir --</subfield>
    <subfield code="g">M&#xF3;dulo v. 5</subfield>
    <subfield code="t">En busca de oportunidades iguales /</subfield>
    <subfield code="r">Luisa Sherezada Vicioso Chiqui (Chiqui).</subfield>
  </datafield>
  <datafield tag="049" ind1=" " ind2=" ">
    <subfield code="a">BNPD</subfield>
  </datafield>
  <datafield tag="952" ind1=" " ind2=" ">
    <subfield code="0">0</subfield>
    <subfield code="1">0</subfield>
    <subfield code="7">1</subfield>
    <subfield code="8">PD</subfield>
    <subfield code="a">PD</subfield>
    <subfield code="b">PD</subfield>
    <subfield code="c">HD</subfield>
    <subfield code="d">2015-06-25</subfield>
    <subfield code="i">LF1</subfield>
    <subfield code="l">0</subfield>
    <subfield code="o">xxxx M692</subfield>
    <subfield code="p">46131-10</subfield>
    <subfield code="r">2020-06-25</subfield>
    <subfield code="w">2020-06-25</subfield>
    <subfield code="y">LFPD</subfield>
    <subfield code="z">Perteneci&#xF3; a la biblioteca personal de Chiqui Vicioso / Fidelio Despradel.</subfield>
    <subfield code="Z">No se presta</subfield>
  </datafield>
  <datafield tag="952" ind1=" " ind2=" ">
    <subfield code="0">0</subfield>
    <subfield code="1">0</subfield>
    <subfield code="7">-1</subfield>
    <subfield code="8">PD</subfield>
    <subfield code="a">PD</subfield>
    <subfield code="b">PD</subfield>
    <subfield code="c">OI</subfield>
    <subfield code="d">2015-07-13</subfield>
    <subfield code="i">LF1</subfield>
    <subfield code="l">0</subfield>
    <subfield code="o">xxxx M692</subfield>
    <subfield code="p">46131-20</subfield>
    <subfield code="r">2020-06-25</subfield>
    <subfield code="w">2020-06-25</subfield>
    <subfield code="y">LFPD</subfield>
    <subfield code="z">Perteneci&#xF3; a la biblioteca pesonal de Chiqui Vicioso / Fidelio Despradel.</subfield>
    <subfield code="Z">No se presta</subfield>
  </datafield>
  <datafield tag="999" ind1=" " ind2=" ">
    <subfield code="c">45620</subfield>
    <subfield code="d">45620</subfield>
  </datafield>
</record>
